| 000 | 00000nam##2200000za#4500 |
| 001 | 9.572688 |
| 003 | CaOODSP |
| 005 | 20220111083121 |
| 007 | cr ||||||||||| |
| 008 | 150406|2002||||xxc|||||o f|0| 0 eng|d |
| 022 | |a1928-6414 |
| 040 | |aCaOODSP|beng |
| 043 | |an-cn--- |
| 086 | 1 |aNE22-5/2002-1E-PDF |
| 110 | 1 |aCanada. |bNational Energy Board. |
| 245 | 10|aDecision and order in the matter of Westcoast Energy Inc. settlement for 2002 and 2003 tolls |h[electronic resource] |
| 246 | 1 |iVariant title : |aWestcoast Energy Inc. |
| 260 | |aCalgary - Alberta : |bNational Energy Board |cSeptember 2002. |
| 300 | |a32p.|btables |
| 490 | 1 |aReasons for decision |x1928-6414 |
| 500 | |aThe catalogue number (NE22-5/2002-1E) and ISBN (0-662-32816-7) for the print edition have been incorrectly copied in this electronic publication. |
| 590 | |a12-11-Supp|b2012-03-27 |
| 775 | 08|tDécision et ordonnance relativement à Westcoast Energy Inc. règlement visant les droits de 2002-2003 |w(CaOODSP)9.603016 |
| 776 | 0#|tWestcoast Energy Inc. settlement for 2002 and 2003 tolls |w(CaOODSP)9.616083 |
| 830 | #0|aReasons for decision (Canada. National Energy Board)|x1928-6414|w(CaOODSP)9.504480 |
| 856 | 40|ahttp://publications.gc.ca|qPDF|s164 KB|uhttps://publications.gc.ca/collections/collection_2011/one-neb/NE22-5-2002-1-eng.pdf |